Etica cristiana
Guardado en:
| Autor principal: | |
|---|---|
| Formato: | Libro |
| Lenguaje: | español |
| Publicado: |
Barcelona
Herder
1962
|
| Colección: | Biblioteca Herder. Sección de Teología y Filosofía, 42
|
| Materias: | |
| Etiquetas: |
Agregar Etiqueta
Sin Etiquetas, Sea el primero en etiquetar este registro!
|
MARC
| LEADER | 00000cam a2200000 a 4500 | ||
|---|---|---|---|
| 001 | UCX7911 | ||
| 003 | CL-VaPUC | ||
| 008 | 940112e19620000SP |||||||||||||||||spa|d | ||
| 082 | 0 | 4 | |a 241 |b HIL |2 21 |
| 100 | |a Hildebrand, Dietrich von |e author |9 586471 | ||
| 245 | 1 | 0 | |a Etica cristiana |
| 300 | |a 486 p | ||
| 942 | |c BK | ||
| 945 | |d 19940112 00:00:00 |a aalvarez | ||
| 260 | |a Barcelona |b Herder |c 1962 | ||
| 650 | 0 | |a Ética cristiana |9 308677 | |
| 650 | 0 | |a Escritores católicos |9 314033 | |
| 583 | |a last modification |c 20160520 09:01:30 |k Rodrigo Vera | ||
| 490 | 0 | |a Biblioteca Herder. Sección de Teología y Filosofía, 42 | |
| 999 | |c 227586 |d 227584 | ||
| 952 | |0 0 |1 0 |4 0 |6 241_000000000000000_HIL_1962 |7 0 |8 P |9 226703 |a BIBTEO |b BIBTES |c TEO_FTES |d 2019-11-15 |i 3384926 |o 241 HIL 1962 |p 3384926 |r 2024-01-18 |w 2019-11-15 |y BK |k ICR | ||
| 952 | |0 0 |1 0 |3 erd |4 0 |6 241_000000000000000_HIL_1962 |7 0 |8 P |9 226704 |a BIBTEO |b BIBTES |c TEO_FTES |e Villagrán Garnham, Jorge |i 5302382 |o 241 HIL 1962 |p 5302382 |r 2024-01-18 |w 2019-11-15 |y BK |z Catalogado en:20160520 |k ICR | ||